000 01090nam a2200337 i 4500
003 EG-GICUC
005 20260127140831.0
008 260127s1993 fr ||||fr|||| 001 0 fre d
040 _aEG-GiCUC
_bfre
_cEG-GiCUC
_dEG-GiCUC
_erda
041 _afre
082 0 4 _221
_a341.851
_bRO . A
092 0 4 _221
099 _aLaw1 12 341.851 RO . A 6 ed - 1993
100 1 _aRobert, Jean
_eAuteur
245 1 2 _aL'arbitrage :
_bDroit Interne Droit International Privé /
_cPar Jean Robert, Bertrand Moreau.
250 _a6° édition
264 1 _aParis :
_bLibrairie Dalloz,
_c1993.
300 _a459 pages,
_c24 cm
_billustration ;
336 _2rda content
_atext
337 _2rda media
_aComputer
338 _2rda carrier
_aOnline Resource
500 _aAnnexes
504 _aBibliography: pages 200-250.
546 _aTexte en français
650 1 4 _aArbitrage international
_2qrmak
_xDroit international
651 1 _2qrmak
700 1 _aMoreau, Bertrand
_eCo-Auteur
856 4 0 _uhttps://fll.law.cu.edu.eg/fulltext/bks/B12-02401.pdf
905 _a79
942 _2ddc
_cBK
_e21
_n0
999 _c59592
_d59592